[Event "World Rapid Women 2014"]
[Site "Khanty-Mansiysk RUS"]
[Date "2014.04.23"]
[Round "3.13"]
[White "Gaponenko, Inna"]
[Black "Zhukova, Natalia"]
[Result "1/2-1/2"]
[WhiteTitle "IM"]
[BlackTitle "GM"]
[WhiteElo "2380"]
[BlackElo "2459"]
[WhiteFideId "14101181"]
[BlackFideId "14101513"]
[EventDate "2014.04.23"]

1. e4 Nf6 2. e5 Nd5 3. d4 d6 4. Nf3 Bg4 5. Be2 e6 6. O-O Be7 7. c4 Nb6 8. Nc3
O-O 9. Be3 Nc6 10. exd6 cxd6 11. d5 Bxf3 12. Bxf3 Ne5 13. dxe6 fxe6 14. Bg4 Rf6
15. b3 Nxg4 16. Qxg4 Nd7 17. Rad1 Rg6 18. Qf3 Qc8 19. Nb5 Qb8 20. Bf4 e5 21.
Qd5+ Kh8 22. Be3 a6 23. Nc3 Nf6 24. Qf7 Qd8 25. Nd5 Nxd5 26. Qxd5 Qc8 27. f4
exf4 28. Bxf4 Qc6 29. Bg3 Qxd5 30. Rxd5 Kg8 31. Rfd1 Re8 32. Bxd6 Bf6 33. Bg3
Bc3 34. R5d3 Bb4 35. Rd7 b6 36. Rd8 Re6 37. Rxe8+ Rxe8 38. Bf2 Re6 39. Rd8+ Kf7
40. Rd7+ Kf8 41. Rb7 Bc5 42. Bxc5+ bxc5 43. Rc7 Re2 44. Rxc5 Rxa2 45. Rc6 Rb2
46. Rb6 a5 47. Rb5 Ke7 48. h3 Ra2 49. Kh2 Ra3 50. Rb7+ Kf6 51. c5 Ra2 52. c6 Rc2
53. c7 Rc3 54. Kg1 g6 55. Kf2 Ke6 56. Ra7 Kd7 57. Rxa5 Rxb3 58. Ra7 Rc3 59.
c8=Q+ Kxc8 60. Rxh7 Kd8 61. Rg7 Rc6 62. Kg3 Ke8 63. Kg4 Kf8 64. Ra7 Rc5 65. h4
Kg8 66. g3 Kf8 67. Kf4 Kg8 68. g4 Rb5 69. Re7 Kf8 70. Re5 Rb7 71. Kg5 Kg7 72.
Ra5 Rc7 73. h5 gxh5 74. Kxh5 Rb7 75. g5 Rc7 76. Ra6 Rb7 77. Rc6 Ra7 78. Rb6 Rc7
79. Ra6 Rb7 80. Rc6 Ra7 81. Rb6 Rc7 82. Ra6 Rb7 1/2-1/2

[Event "World Rapid Women 2014"]
[Site "Khanty-Mansiysk RUS"]
[Date "2014.04.23"]
[Round "4.10"]
[White "Ubiennykh, Ekaterina"]
[Black "Gunina, Valentina"]
[Result "1-0"]
[WhiteTitle "WIM"]
[BlackTitle "GM"]
[WhiteElo "2285"]
[BlackElo "2508"]
[WhiteFideId "4137582"]
[BlackFideId "4167570"]
[EventDate "2014.04.23"]

1. d4 d5 2. c4 c6 3. Nf3 Nf6 4. Nc3 dxc4 5. a4 Bf5 6. Ne5 Nbd7 7. Nxc4 Nb6 8.
Ne5 a5 9. e3 g6 10. Bd3 Bxd3 11. Nxd3 Bg7 12. O-O O-O 13. Bd2 Nc4 14. Be1 Qb6
15. Rb1 Rfd8 16. b4 Qc7 17. Qb3 axb4 18. Qxc4 bxc3 19. Bxc3 Ne4 20. Rfc1 Rd5 21.
Be1 Rd7 22. a5 e6 23. Rb6 Rd5 24. Qb3 Nd6 25. Nc5 e5 26. Nxb7 Qd7 27. Nxd6 Qxd6
28. Rcxc6 Qd8 29. Rb7 exd4 30. Rcc7 dxe3 31. fxe3 Bh6 32. Rxf7 Qg5 33. Rf3 Rd8
34. a6 Qe5 35. a7 Qa1 36. Rf1 Qe5 37. Kh1 Bxe3 38. Bc3 Qd6 39. Rg7+ 1-0

[Event "World Rapid Women 2014"]
[Site "Khanty-Mansiysk RUS"]
[Date "2014.04.23"]
[Round "5.9"]
[White "Charochkina, Daria"]
[Black "Guseva, Marina"]
[Result "1/2-1/2"]
[WhiteTitle "WGM"]
[BlackTitle "IM"]
[WhiteElo "2380"]
[BlackElo "2371"]
[WhiteFideId "4180917"]
[BlackFideId "4149351"]
[EventDate "2014.04.23"]

1. Nf3 d5 2. c4 c6 3. g3 Nf6 4. Bg2 dxc4 5. Qc2 Nbd7 6. Qxc4 Nb6 7. Qc2 g6 8. e4
Bg7 9. O-O O-O 10. d4 a5 11. Be3 h6 12. Rd1 Be6 13. Nc3 Nc4 14. Bf4 Nh5 15. Na4
Nxf4 16. gxf4 b5 17. Nc5 Bg4 18. e5 Nb6 19. e6 Nd5 20. Ne5 Bxe5 21. dxe5 Bf5 22.
Be4 fxe6 23. Bxf5 Rxf5 24. Nxe6 Qc8 25. Nd4 Rf7 26. e6 Rg7 27. Nxc6 Qxe6 28. Qb3
Nxf4 29. Qf3 Rf8 30. Rd8 Rf7 31. Nd4 Qe5 32. Rxf8+ Rxf8 33. Rd1 Kh7 34. Nc6 Qg5+
35. Kh1 h5 36. Rd7 Kh6 37. Rxe7 Ne6 38. Qe3 Nf4 39. Qf3 Rf6 40. Ne5 Qf5 41. Qd1
Qe4+ 42. f3 Qf5 43. Re8 Rf8 44. Re7 Rd8 45. Qg1 Rf8 46. Nd7 Rf7 47. Rxf7 Qxf7
48. Qd4 Ne6 49. Qh8+ Kg5 50. Qe5+ Kh6 51. Nf6 Ng5 52. Qf4 Qe6 53. Ne4 Qf5 54.
Qxf5 gxf5 55. Nd6 Nxf3 56. Nxb5 Kg5 57. Kg2 Kf4 58. Nc3 Ne1+ 59. Kf1 Nd3 60. b3
Kf3 61. Nb5 f4 62. Nd4+ Ke3 63. Nc6 Nb4 64. Nxa5 Nxa2 65. Nc6 Nc3 66. b4 Ne4 67.
Ne5 Nd2+ 68. Kg2 f3+ 69. Nxf3 Nxf3 70. b5 Kf4 71. b6 Ne5 72. b7 Nc6 73. Kh3 Kf3
74. Kh4 Kg2 75. Kxh5 Kxh2 76. Kg4 Kg2 1/2-1/2

[Event "World Rapid Women 2014"]
[Site "Khanty-Mansiysk RUS"]
[Date "2014.04.24"]
[Round "6.9"]
[White "Khotenashvili, Bela"]
[Black "Harika, Dronavalli"]
[Result "0-1"]
[WhiteTitle "GM"]
[BlackTitle "GM"]
[WhiteElo "2513"]
[BlackElo "2507"]
[WhiteFideId "13602640"]
[BlackFideId "5015197"]
[EventDate "2014.04.23"]

1. b3 e5 2. Bb2 d6 3. c4 Nc6 4. e3 g6 5. Nf3 Bg7 6. d4 exd4 7. Nxd4 Nxd4 8. Bxd4
Bxd4 9. Qxd4 Qf6 10. Nc3 Be6 11. Nb5 Qxd4 12. exd4 Kd8 13. f3 Ne7 14. Kf2 d5 15.
Bd3 c6 16. Nd6 Kc7 17. c5 Nc8 18. Nxc8 Rhxc8 19. g4 a5 20. h4 b6 21. Rac1 Rcb8
22. h5 a4 23. b4 bxc5 24. bxc5 Rb2+ 25. Rc2 Rab8 26. Rc1 R2b4 27. a3 Rb2 28. Ke3
gxh5 29. gxh5 h6 30. Rxb2 Rxb2 31. Rc3 Rh2 32. Bc2 Rxh5 33. Bxa4 Rh1 34. Bc2 h5
35. Rb3 h4 36. Rb1 Rh2 37. Bd3 Ra2 38. Rh1 Rxa3 39. Kd2 h3 40. f4 Ra2+ 41. Ke3
Ra3 42. Kd2 Bg4 43. f5 Kd7 44. f6 Ke6 45. Rg1 h2 46. Rh1 Bf3 47. Rxh2 Ra2+ 48.
Bc2 Be4 49. Kc3 Rxc2+ 50. Rxc2 Bxc2 51. Kxc2 Kxf6 0-1

[Event "World Rapid Women 2014"]
[Site "Khanty-Mansiysk RUS"]
[Date "2014.04.24"]
[Round "6.11"]
[White "Batchimeg, Tuvshintugs"]
[Black "Muminova, Nafisa"]
[Result "1-0"]
[WhiteTitle "WGM"]
[BlackTitle "WGM"]
[WhiteElo "2340"]
[BlackElo "2321"]
[WhiteFideId "4900839"]
[BlackFideId "14201526"]
[EventDate "2014.04.23"]

1. d4 e6 2. c4 Nf6 3. Nc3 Bb4 4. Bg5 c5 5. d5 d6 6. e3 h6 7. Bh4 Qe7 8. Ne2 Nbd7
9. a3 Ba5 10. Qa4 Bxc3+ 11. Nxc3 O-O 12. dxe6 fxe6 13. Be2 Ne5 14. O-O Bd7 15.
Qc2 Be8 16. f4 Bg6 17. Ne4 Qc7 18. Nxf6+ gxf6 19. Qc3 Nd7 20. Rad1 Rad8 21. Bg4
Kf7 22. Rf2 h5 23. Bf3 Kg7 24. Rfd2 Nb8 25. b4 cxb4 26. axb4 d5 27. c5 Nc6 28.
b5 Ne7 29. e4 Qxf4 30. Bg3 Qg5 31. exd5 Nxd5 32. Bxd5 Rxd5 33. Rxd5 exd5 34. h4
Qf5 35. c6 bxc6 36. bxc6 Bf7 37. c7 Be6 38. Rf1 Qg4 39. Rf4 Qg6 40. Kh2 Kh7 41.
Ra4 Bc8 42. Rxa7 Rg8 43. Ra4 Qf7 44. Rf4 Rg6 45. Rf1 Qe6 46. Re1 Qd7 47. Qf3 Qg4
48. Re7+ Kh8 49. Re8+ Rg8 50. Qxf6+ Kh7 51. Re7+ Rg7 52. Qe5 Rxe7 53. Qxe7+ Qg7
54. Qd8 Qd7 55. Be5 Kg6 56. Qg5+ Kf7 57. Qxh5+ Ke6 58. Bf4 d4 59. Qe5+ Kf7 60.
h5 Qg4 61. h6 Qh4+ 62. Kg1 d3 63. Qd5+ Ke8 64. g3 Qe7 65. Qd8+ Qxd8 66. cxd8=Q+
Kxd8 67. h7 1-0

[Event "World Rapid Women 2014"]
[Site "Khanty-Mansiysk RUS"]
[Date "2014.04.24"]
[Round "7.12"]
[White "Drozdova, Dina"]
[Black "Khotenashvili, Bela"]
[Result "1-0"]
[WhiteTitle "WIM"]
[BlackTitle "GM"]
[WhiteElo "2258"]
[BlackElo "2513"]
[WhiteFideId "4170695"]
[BlackFideId "13602640"]
[EventDate "2014.04.23"]

1. e4 c6 2. d3 d5 3. Nf3 dxe4 4. dxe4 Qxd1+ 5. Kxd1 Nf6 6. Bd3 Bg4 7. Be3 Nbd7
8. Nd2 g6 9. h3 Bxf3+ 10. Nxf3 Bg7 11. Ke2 O-O 12. c3 Ne8 13. Rad1 Nd6 14. g4
Rfc8 15. h4 c5 16. h5 c4 17. Bc2 Nc5 18. e5 Ne8 19. hxg6 hxg6 20. Rd5 Ne6 21.
Rd7 Rc7 22. Rhd1 b6 23. Ng5 Nc5 24. Rxc7 Nxc7 25. f4 N7a6 26. e6 f6 27. Nf3 Nxe6
28. Bxg6 Nac5 29. Bc2 Kf7 30. f5 Nf8 31. Rd4 b5 32. Rd5 Nb7 33. Rxb5 Nd6 34. Rd5
Rb8 35. b3 a6 36. b4 Nb5 37. Bd2 Rb7 38. a4 Nd6 39. Bf4 Rb6 40. Nd2 Nd7 41. Bxd6
Rxd6 42. Rxd6 exd6 43. Nxc4 Ke7 44. Be4 Bf8 45. Bb7 Nb8 46. a5 Kd7 47. Bd5 Kc7
48. Nb6 Bh6 49. Be4 Bg5 50. Kd3 Bh4 51. Kc4 Kd8 52. b5 Kc7 53. Nd5+ Kd8 54. Nf4
Bg3 55. Ne6+ Kd7 56. Nd4 Bf2 57. b6 Be1 58. Bb7 Bd2 59. Nc2 Be1 60. Nb4 Bd2 61.
Nxa6 Nxa6 62. Bxa6 Kc6 63. Bb5+ Kb7 64. Kd3 Bf4 65. Kc2 d5 66. Kb3 Bd2 67. Be2
Kc6 68. Bf3 Kb5 69. Bxd5 Kxa5 70. b7 Bf4 71. Kc4 Kb6 72. Bf3 Kc7 73. Kb5 Be3 74.
c4 Kb8 75. Kc6 Bf4 76. Kd7 Be3 77. Kc6 Bf4 78. c5 Be3 79. Kd6 Bf4+ 80. Kd7 Be5
81. c6 Bf4 82. g5 1-0

[Event "World Rapid Women 2014"]
[Site "Khanty-Mansiysk RUS"]
[Date "2014.04.24"]
[Round "8.9"]
[White "Batchimeg, Tuvshintugs"]
[Black "Charochkina, Daria"]
[Result "1-0"]
[WhiteTitle "WGM"]
[BlackTitle "WGM"]
[WhiteElo "2340"]
[BlackElo "2380"]
[WhiteFideId "4900839"]
[BlackFideId "4180917"]
[EventDate "2014.04.23"]

1. d4 Nf6 2. c4 e6 3. Nc3 Bb4 4. Bg5 h6 5. Bh4 d5 6. cxd5 exd5 7. e3 O-O 8. Bd3
Be6 9. Ne2 Nbd7 10. O-O c5 11. Rc1 c4 12. Bb1 Be7 13. f3 Qb6 14. Qc2 Rfe8 15.
Nf4 g5 16. Nfxd5 Qd8 17. Nxf6+ Nxf6 18. Bf2 Bf8 19. e4 Bg7 20. Rfe1 Nh5 21. d5
Bd7 22. e5 Rc8 23. Bd4 Be6 24. Rcd1 Bxd5 25. e6 fxe6 26. Qh7+ Kf8 27. Bxg7+ Nxg7
28. Bg6 Qb6+ 29. Kh1 1-0

[Event "World Rapid Women 2014"]
[Site "Khanty-Mansiysk RUS"]
[Date "2014.04.24"]
[Round "9.12"]
[White "Kashlinskaya, Alina"]
[Black "Ubiennykh, Ekaterina"]
[Result "1-0"]
[WhiteTitle "WGM"]
[BlackTitle "WIM"]
[WhiteElo "2423"]
[BlackElo "2285"]
[WhiteFideId "4198026"]
[BlackFideId "4137582"]
[EventDate "2014.04.23"]

1. d4 d5 2. c4 c6 3. Nc3 e6 4. e4 dxe4 5. Nxe4 Bb4+ 6. Bd2 Qxd4 7. Bxb4 Qxe4+ 8.
Be2 Na6 9. Ba5 f6 10. Nf3 b6 11. Nd2 Qf4 12. Bh5+ g6 13. Bf3 Ne7 14. Bc3 O-O 15.
O-O Qc7 16. Ne4 e5 17. Re1 Qd7 18. Qe2 Qe6 19. Rad1 Nf5 20. b4 Nc7 21. Nxf6+
Rxf6 22. Bxe5 Rf7 23. Rd8+ Ne8 24. Bb2 Qxe2 25. Rxe2 Nd6 26. Bxc6 Bb7 27. Rdxe8+
Nxe8 28. Bxe8 Rc7 29. Ba4 Kf7 30. Be5 Re7 31. f4 Rd8 32. Kf2 Bc8 33. c5 Bg4 34.
Rb2 Bd1 35. Bb5 Bg4 36. h3 Be6 37. Bd6 Red7 38. Bxd7 Rxd7 39. Rd2 bxc5 40. bxc5
Rb7 41. c6 Rb1 42. Rc2 Bc8 43. c7 Ke6 44. Bc5 a5 45. Rd2 Rc1 46. Bd6 Rc6 47. Be5
Bd7 48. Re2 Kf7 49. Rb2 a4 50. g4 a3 51. Rd2 Ke7 52. Kg3 h5 53. Rd3 hxg4 54.
hxg4 Rc1 55. Rxa3 Rg1+ 56. Kf2 Rc1 57. g5 Bc8 58. Ra8 Kd7 59. a4 Rc4 60. Ra5 Ke7
61. Ke3 Rc6 62. Rb5 Rc4 63. a5 Ra4 64. Rb6 Ra3+ 65. Kd4 Ra4+ 66. Kc3 Rxa5 67.
Rxg6 Bd7 68. Rg8 Rc5+ 69. Kd4 Rc1 70. g6 Be6 71. Rh8 1-0

[Event "World Rapid Women 2014"]
[Site "Khanty-Mansiysk RUS"]
[Date "2014.04.24"]
[Round "9.13"]
[White "Fominykh, Maria"]
[Black "Muminova, Nafisa"]
[Result "1-0"]
[WhiteTitle "WIM"]
[BlackTitle "WGM"]
[WhiteElo "2296"]
[BlackElo "2321"]
[WhiteFideId "4142411"]
[BlackFideId "14201526"]
[EventDate "2014.04.23"]

1. Nf3 d5 2. g3 Bg4 3. Bg2 c6 4. d3 Nd7 5. h3 Bh5 6. O-O Ngf6 7. b3 e5 8. Nh4
Bc5 9. Qe1 O-O 10. Kh1 Re8 11. e4 dxe4 12. dxe4 a5 13. Bb2 Nf8 14. Nd2 b5 15. a3
N6d7 16. f4 f6 17. Ndf3 exf4 18. gxf4 Ne6 19. Qg3 Be3 20. Nh2 Bd4 21. c3 Bb6 22.
e5 fxe5 23. fxe5 Qc7 24. Rae1 Rf8 25. Nf5 Rae8 26. c4 Bg6 27. Nd6 Rxf1+ 28. Rxf1
Rf8 29. cxb5 cxb5 30. Bd5 Rxf1+ 31. Nxf1 Nf8 32. Nxb5 Qc2 33. Qg2 Qd3 34. Bc4
Qb1 35. Nc3 Qe1 36. Qe2 Qh4 37. Qg4 Qf2 38. Qg2 Qe1 39. Qe2 Qh4 40. Qg4 Qf2 41.
Qg2 Qe1 42. Qe2 Qh4 43. Kh2 Kh8 44. Nd5 Bc5 45. Ng3 Nf4 46. Qg4 Qxg4 47. hxg4
N8e6 48. Nxf4 Nxf4 49. e6 h6 50. Bc3 Bxa3 51. Bxa5 Be7 52. Bc7 Nd3 53. Nf5 Bxf5
54. gxf5 Nb4 55. Kg3 Kh7 56. Kf4 g6 57. fxg6+ Kxg6 58. Ke5 h5 59. Bd6 Bf6+ 60.
Ke4 Nc6 61. b4 h4 62. b5 Na5 63. Bf1 Nb7 64. Bb4 Bg5 65. Kd5 Kf6 66. Bh3 Be3 67.
e7 Kf7 68. Bd7 1-0

[Event "World Rapid Women 2014"]
[Site "Khanty-Mansiysk RUS"]
[Date "2014.04.24"]
[Round "9.17"]
[White "Shaydullina, Sandugach"]
[Black "Sukhareva, Evgeniya"]
[Result "1-0"]
[WhiteTitle "WGM"]
[WhiteElo "2112"]
[BlackElo "2201"]
[WhiteFideId "4140389"]
[BlackFideId "4167155"]
[EventDate "2014.04.23"]

1. d4 d5 2. Nf3 e6 3. c4 Nf6 4. g3 c6 5. Bg2 Nbd7 6. O-O dxc4 7. a4 b5 8. axb5
cxb5 9. Ne5 Nd5 10. e4 N5f6 11. f4 Qb6 12. Be3 Bb7 13. Nxd7 Nxd7 14. Qe2 Be7 15.
f5 O-O 16. g4 a6 17. g5 exf5 18. Rxf5 g6 19. Rf1 Rad8 20. Nd2 Nb8 21. Kh1 Qc7
22. d5 Nd7 23. Nf3 Bc5 24. Bd2 Rfe8 25. Ba5 Nb6 26. Qc2 Rd7 27. Rae1 Qd6 28. Rd1
Qe7 29. Rfe1 Nc8 30. Bc3 Qf8 31. b3 cxb3 32. Qxb3 Nb6 33. Ba1 Na4 34. Ne5 Rde7
35. Ng4 f6 36. d6+ Re6 37. d7 Re7 38. d8=Q 1-0

[Event "World Rapid Women 2014"]
[Site "Khanty-Mansiysk RUS"]
[Date "2014.04.25"]
[Round "15.16"]
[White "Popova, Natalija"]
[Black "Zhukova, Natalia"]
[Result "0-1"]
[WhiteTitle "WIM"]
[BlackTitle "GM"]
[WhiteElo "2314"]
[BlackElo "2459"]
[WhiteFideId "13500295"]
[BlackFideId "14101513"]
[EventDate "2014.04.23"]

1. e4 e6 2. d4 d5 3. Nc3 Bb4 4. exd5 exd5 5. Bd3 Nc6 6. Be3 Nge7 7. Qf3 Be6 8.
Ne2 Qd7 9. O-O-O a6 10. h3 O-O-O 11. g4 h6 12. Ng3 Na5 13. Qe2 f5 14. Bxa6 Bxc3
15. bxc3 Qd6 16. gxf5 bxa6 17. fxe6 Nc4 18. Rdg1 Qa3+ 19. Kd1 Qxc3 20. Nh5 Qa1+
21. Bc1 Qxd4+ 22. Ke1 g5 23. Ng3 Rd6 24. Kf1 Rf8 25. Kg2 Rf6 26. Rd1 Qb6 27.
Rhf1 Rdxe6 28. Qh5 Ng6 29. Kh1 Qc6 30. Rd4 Nce5 31. Be3 Nf3 32. Rfd1 Nxd4 33.
Bxd4 Rf8 34. c3 Rfe8 35. Qg4 Qd7 36. Be3 Nf4 37. Nf5 h5 38. Qxg5 Nxh3 39. Qg2
Re5 40. Nd4 Qg4 41. Qxg4+ hxg4 42. Nc6 Rxe3 0-1